[Event "DM 2013"]
[Site "Helsingor"]
[Date "2013.03.29"]
[Round "2"]
[White "Larsen, Vagn"]
[Black "Andersen, Kirsten-Johanne"]
[Result "1-0"]
[WhiteElo "1652"]
[BlackElo "1497"]
[PlyCount "115"]
[EventDate "2013.??.??"]
[EventRounds "9"]
[EventCountry "DEN"]

1. e4 c5 2. Nf3 Nc6 3. d4 cxd4 4. Nxd4 e5 5. Nb3 d6 6. Nc3 Be7 7. Bc4 Nf6 8.
O-O O-O 9. f4 Qb6+ 10. Kh1 Be6 11. Nd5 Bxd5 12. exd5 Nb8 13. fxe5 dxe5 14. Qe2
Nbd7 15. Be3 Qc7 16. Rad1 a6 17. Nd2 Bd6 18. Bg1 b5 19. Bb3 Rae8 20. Ne4 Nxe4
21. Qxe4 Nf6 22. Qh4 Qd8 23. c3 Be7 24. Bc2 h6 25. Be3 Nd7 26. Qe4 f5 27. Rxf5
Rxf5 28. Qxf5 Nf6 29. Qxe5 Bd6 30. Qd4 Be5 31. Qb6 Bc7 32. Qd4 Be5 33. Qh4 Qd6
34. Qb4 Qb8 35. d6 Bxd6 36. Qxd6 Qxd6 37. Rxd6 Rxe3 38. Rd8+ Kf7 39. h3 Re1+
40. Kh2 Re2 41. Bb3+ Ke7 42. Ra8 Rxb2 43. Rxa6 Nh5 44. Re6+ Kf8 45. Re5 g6 46.
Rxb5 Nf4 47. Rb8+ Ke7 48. Kg3 Nd3 49. Rb7+ Kf6 50. Bd5 Rxb7 51. Bxb7 Nc5 52.
Bc6 Ke5 53. c4 Nd3 54. Be8 Kf6 55. a4 Nc5 56. Kf4 g5+ 57. Kf3 Kg7 58. Ke3 1-0

[Event "DM 2013"]
[Site "Helsingor"]
[Date "2013.03.29"]
[Round "3"]
[White "Knudsen, Jes West"]
[Black "Pedersen, Christopher"]
[Result "0-1"]
[WhiteElo "1924"]
[BlackElo "2049"]
[PlyCount "60"]
[EventDate "2013.??.??"]
[EventRounds "9"]
[EventCountry "DEN"]

1. e4 c5 2. d4 e6 3. d5 d6 4. Nc3 Nf6 5. dxe6 fxe6 6. e5 dxe5 7. Qxd8+ Kxd8 8.
Nf3 Nc6 9. Be3 a6 10. Na4 Nd7 11. Ng5 Nd4 12. Bxd4 exd4 13. Nf7+ Ke8 14. Nxh8
b5 15. Bd3 g6 16. h4 Bg7 17. Nxg6 hxg6 18. Bxg6+ Ke7 19. Nxc5 Nxc5 20. O-O-O
Bb7 21. f3 a5 22. Rdf1 b4 23. g4 a4 24. g5 b3 25. a3 bxc2 26. Bxc2 Ba6 27. Rf2
d3 28. Bxa4 Nxa4 29. h5 Rb8 30. b4 Bd4 0-1

[Event "DM 2013"]
[Site "Helsingor"]
[Date "2013.03.29"]
[Round "1"]
[White "Knudsen, Jes West"]
[Black "Nielsen, Jan Mose"]
[Result "1-0"]
[WhiteElo "1924"]
[BlackElo "2105"]
[PlyCount "49"]
[EventDate "2013.??.??"]
[EventRounds "9"]
[EventCountry "DEN"]

1. e4 c5 2. Nf3 Nc6 3. Bb5 g6 4. Bxc6 bxc6 5. d4 cxd4 6. Qxd4 f6 7. O-O Qb6 8.
Qc3 Rb8 9. Re1 e5 10. a3 Bg7 11. Nbd2 Ba6 12. b4 Nh6 13. Nc4 Bxc4 14. Bxh6 Bxh6
15. Qxc4 Ke7 16. Rad1 Rhd8 17. Rd3 d5 18. exd5 cxd5 19. Qh4 Bg7 20. Qxh7 Kf8
21. Nh4 e4 22. Nxg6+ Kf7 23. Rg3 Rb7 24. Nf4 Rg8 25. Qh5+ 1-0

[Event "DM 2013"]
[Site "Helsingor"]
[Date "2013.03.29"]
[Round "3"]
[White "Jorgensen, Jens A. L."]
[Black "Raad, Mads Bonde"]
[Result "0-1"]
[WhiteElo "1087"]
[BlackElo "1688"]
[PlyCount "44"]
[EventDate "2013.??.??"]
[EventRounds "9"]
[EventCountry "DEN"]

1. e4 e6 2. Nc3 d5 3. exd5 exd5 4. d4 Nf6 5. Bg5 Be7 6. Nf3 O-O 7. Be2 Be6 8.
Qd2 c6 9. O-O Nbd7 10. Rfe1 Re8 11. a3 Nf8 12. Bd3 Ng6 13. Re2 Bg4 14. Re3 Bxf3
15. Rxf3 Ne4 16. Nxe4 dxe4 17. Bxe7 Rxe7 18. Bxe4 Rxe4 19. Re3 Rxd4 20. Qe2 Rd2
21. Re8+ Qxe8 22. Qxd2 Qd8 0-1

[Event "DM 2013"]
[Site "Helsingor"]
[Date "2013.03.29"]
[Round "6"]
[White "Jorgensen, Jens A. L."]
[Black "Nielsen, Bjorn"]
[Result "1-0"]
[WhiteElo "1087"]
[BlackElo "1474"]
[PlyCount "97"]
[EventDate "2013.??.??"]
[EventRounds "9"]
[EventCountry "DEN"]

1. e4 e5 2. Nf3 Nc6 3. Bc4 Nf6 4. d3 Be7 5. a3 O-O 6. b4 d6 7. h3 a6 8. O-O b6
9. Nc3 a5 10. b5 Nb8 11. Nd5 Nbd7 12. Nxe7+ Qxe7 13. Bg5 Qe8 14. a4 h6 15. Be3
Nh7 16. Qd2 g5 17. Nh2 Nc5 18. Ng4 Bxg4 19. hxg4 Ne6 20. g3 Qd7 21. f3 Kg7 22.
Kg2 Qe7 23. Rh1 f5 24. exf5 Nd4 25. c3 Nxf5 26. gxf5 Rxf5 27. Bd5 Raf8 28. Be4
R5f6 29. Rh5 Qf7 30. Rah1 Qe6 31. c4 Rh8 32. d4 Qxc4 33. g4 Qxa4 34. dxe5 Re6
35. Bf5 Qc4 36. Rc1 Qxc1 37. Qxc1 Re7 38. Bd4 dxe5 39. Bxe5+ Nf6 40. Bxf6+ Kxf6
41. Qc3+ Re5 42. Qc6+ Kf7 43. Qxc7+ Re7 44. Qxb6 Ra8 45. Rxh6 Rea7 46. Rh7+ Kf8
47. Rxa7 Re8 48. Qf6+ Kg8 49. Qg7# 1-0

[Event "DM 2013"]
[Site "Helsingor"]
[Date "2013.03.29"]
[Round "5"]
[White "Johansen, Jorgen"]
[Black "Petersen, Torben William"]
[Result "1/2-1/2"]
[WhiteElo "1272"]
[BlackElo "1396"]
[PlyCount "91"]
[EventDate "2013.??.??"]
[EventRounds "9"]
[EventCountry "DEN"]

1. d4 e5 2. c3 exd4 3. cxd4 d5 4. Bf4 Nf6 5. Nd2 Be7 6. e3 O-O 7. Ngf3 Bg4 8.
Be2 Nbd7 9. O-O Re8 10. Rc1 c6 11. a3 Nf8 12. b4 Ng6 13. Bg3 Nh5 14. Ne1 Bxe2
15. Qxe2 Nxg3 16. hxg3 a5 17. Nd3 axb4 18. axb4 Ra2 19. Rb1 Bf6 20. Qd1 h5 21.
Rb2 Qa8 22. Qb3 Ra3 23. Qc2 Qa6 24. Rb3 Be7 25. Rfb1 Qa4 26. Qc3 Ra8 27. Rxa3
Qxa3 28. Qxa3 Rxa3 29. Nb3 Nf8 30. Ndc5 b6 31. Nd3 Ne6 32. Kf1 f6 33. Ke1 Kf7
34. Kd2 Ng5 35. Kc2 Ne4 36. Ra1 Rxa1 37. Nxa1 c5 38. bxc5 bxc5 39. dxc5 Bxc5
40. Nxc5 Nxc5 41. Kd2 Ne4+ 42. Ke1 g5 43. Nc2 Ke6 44. Nd4+ Ke5 45. Nf3+ Kd6 46.
Nd4 1/2-1/2

[Event "DM 2013"]
[Site "Helsingor"]
[Date "2013.03.29"]
[Round "4"]
[White "Johansen, Jorgen"]
[Black "Nissen, Jesper B"]
[Result "1/2-1/2"]
[WhiteElo "1272"]
[BlackElo "1497"]
[PlyCount "58"]
[EventDate "2013.??.??"]
[EventRounds "9"]
[EventCountry "DEN"]

1. d4 d5 2. Bf4 Nf6 3. e3 Bf5 4. Bd3 Bxd3 5. Qxd3 c6 6. Nf3 e6 7. O-O Bd6 8.
Bxd6 Qxd6 9. c4 O-O 10. Nbd2 Nbd7 11. Rfc1 e5 12. dxe5 Nxe5 13. Nxe5 Qxe5 14.
Rc2 Rad8 15. Nf3 Qe7 16. c5 Ne4 17. Rac1 f5 18. g3 Ng5 19. Nd4 Qf6 20. h4 Ne6
21. b4 a6 22. a3 Nxd4 23. Qxd4 Qxd4 24. exd4 Rde8 25. Kf1 Re4 26. Rd2 Rfe8 27.
Rcd1 Kf7 28. Rd3 h5 29. Kg2 g6 1/2-1/2

[Event "DM 2013"]
[Site "Helsingor"]
[Date "2013.03.29"]
[Round "1"]
[White "Johansen, Jorgen"]
[Black "Larsen, Vagn"]
[Result "0-1"]
[WhiteElo "1272"]
[BlackElo "1652"]
[PlyCount "54"]
[EventDate "2013.??.??"]
[EventRounds "9"]
[EventCountry "DEN"]

1. d4 Nf6 2. Bf4 e6 3. e3 c5 4. dxc5 Bxc5 5. Bd3 Nc6 6. Nd2 Nb4 7. a3 Nxd3+ 8.
cxd3 d5 9. d4 Bd6 10. Ne2 O-O 11. O-O b6 12. Bxd6 Qxd6 13. Ng3 e5 14. Nb3 e4
15. Qd2 h5 16. h3 h4 17. Ne2 Nh5 18. f4 Qg6 19. Kh2 Qd6 20. Qe1 g5 21. Kh1 f6
22. g4 hxg3 23. Nxg3 Ng7 24. Kh2 gxf4 25. exf4 Kf7 26. Qf2 Rh8 27. f5 Nxf5 0-1

[Event "DM 2013"]
[Site "Helsingor"]
[Date "2013.03.29"]
[Round "2"]
[White "Jensen, Thore"]
[Black "Vej, Jesper"]
[Result "0-1"]
[WhiteElo "2045"]
[BlackElo "2103"]
[PlyCount "106"]
[EventDate "2013.??.??"]
[EventRounds "9"]
[EventCountry "DEN"]

1. e4 b6 2. d4 Bb7 3. Nc3 e6 4. a3 Nf6 5. Bd3 c5 6. Nf3 cxd4 7. Nxd4 Nc6 8.
Nxc6 Bxc6 9. e5 Nd5 10. Ne4 Be7 11. c4 Nc7 12. Qg4 Kf8 13. Ng5 Bxg5 14. Bxg5
Qc8 15. Rc1 Ne8 16. Rc3 f6 17. exf6 Nxf6 18. Qh4 Kf7 19. Bxf6 gxf6 20. Bxh7 Qf8
21. Rg3 Ke7 22. Qh5 Be4 23. Qg4 Bxh7 24. O-O Bf5 25. Qd4 Rg8 26. Rd1 e5 27. Qd5
Rxg3 28. hxg3 Be6 29. Qe4 Rc8 30. b3 Qh6 31. f3 Rg8 32. g4 Qg6 33. Qe2 Kf7 34.
b4 Qg5 35. Rb1 Qf4 36. c5 bxc5 37. bxc5 Rc8 38. Qf2 Qc4 39. c6 a5 40. cxd7 Bxd7
41. Rd1 Ba4 42. Rb1 Qc5 43. Rb7+ Kg6 44. Qxc5 Rxc5 45. Kf2 Bc2 46. Ke3 a4 47.
Ra7 Bb3 48. g3 Rc3+ 49. Kf2 Rc2+ 50. Kg1 Ra2 51. f4 exf4 52. gxf4 Rxa3 53. Ra6
Kg7 0-1

[Event "DM 2013"]
[Site "Helsingor"]
[Date "2013.03.29"]
[Round "1"]
[White "Jensen, Thore"]
[Black "Thomsen, Soren"]
[Result "1-0"]
[WhiteElo "2045"]
[BlackElo "1940"]
[PlyCount "109"]
[EventDate "2013.??.??"]
[EventRounds "9"]
[EventCountry "DEN"]

1. e4 c5 2. Nf3 d6 3. d4 cxd4 4. Nxd4 Nf6 5. Nc3 e5 6. Bb5+ Bd7 7. Bxd7+ Qxd7
8. Nb3 Be7 9. O-O O-O 10. Qe2 Nc6 11. Rd1 Rfd8 12. Bg5 Rac8 13. Rd3 Qe6 14.
Rad1 h6 15. Bxf6 Bxf6 16. Nd5 Bg5 17. g3 Rd7 18. h4 Bd8 19. c3 b6 20. Ne3 Ne7
21. Qg4 Bc7 22. Nf5 Nxf5 23. exf5 Qe8 24. Nd2 f6 25. Qa4 Bb8 26. Ne4 Rcd8 27.
Nxd6 Bxd6 28. Rxd6 Rxd6 29. Qxe8+ Rxe8 30. Rxd6 Re7 31. Kg2 Kf7 32. Kf3 Rc7 33.
Ke4 Rc4+ 34. Kd3 Rc7 35. c4 Ke7 36. Rd5 a6 37. b4 h5 38. a4 Rb7 39. Kc3 Rc7 40.
Kb3 Rb7 41. c5 bxc5 42. Rxc5 Kd6 43. Kc4 Rb6 44. Rc8 e4 45. Re8 Rc6+ 46. Kd4
Rc2 47. Re6+ Kd7 48. Rxa6 Rxf2 49. Kxe4 Re2+ 50. Kd4 Re5 51. Ra5 Re1 52. Kc5
Re5+ 53. Kb6 Re4 54. Rb5 Rc4 55. a5 1-0

[Event "DM 2013"]
[Site "Helsingor"]
[Date "2013.03.29"]
[Round "5"]
[White "Jensen, Thore"]
[Black "Bonnez, Finn"]
[Result "0-1"]
[WhiteElo "2045"]
[BlackElo "1997"]
[PlyCount "40"]
[EventDate "2013.??.??"]
[EventRounds "9"]
[EventCountry "DEN"]

1. e4 e5 2. Nf3 d6 3. Bc4 Be7 4. d4 exd4 5. Nxd4 Nf6 6. Nc3 O-O 7. Bf4 Bd7 8.
O-O a6 9. Nd5 Nxd5 10. exd5 Bf6 11. c3 g6 12. Re1 Qc8 13. Qd2 b5 14. Bb3 a5 15.
Bh6 Bg7 16. Ne6 fxe6 17. dxe6 Be8 18. e7+ Rf7 19. Bxg7 Kxg7 20. Qd4+ Rf6 0-1

[Event "DM 2013"]
[Site "Helsingor"]
[Date "2013.03.29"]
[Round "7"]
[White "Jensen, Hans Askov"]
[Black "Porsgaard, Per Lykke"]
[Result "1-0"]
[WhiteElo "1569"]
[BlackElo "1458"]
[PlyCount "55"]
[EventDate "2013.??.??"]
[EventRounds "9"]
[EventCountry "DEN"]

1. e4 c5 2. Nc3 g6 3. f4 d6 4. Bb5+ Bd7 5. Bxd7+ Nxd7 6. d3 Bg7 7. Bd2 e5 8.
Qg4 Ngf6 9. Qf3 Bh6 10. O-O-O Nh5 11. f5 Bxd2+ 12. Rxd2 O-O 13. Nh3 Qh4 14. Nd5
g5 15. g4 Nf4 16. Nhxf4 exf4 17. d4 cxd4 18. Rxd4 Rfe8 19. Qc3 Rac8 20. Ne7+
Rxe7 21. Qxc8+ Kg7 22. Qd8 Qf2 23. Qxe7 Qxd4 24. Qxd7 Qxe4 25. Rd1 Qg2 26. Qxd6
Qxh2 27. Qe5+ Kh6 28. Qf6# 1-0

[Event "DM 2013"]
[Site "Helsingor"]
[Date "2013.03.29"]
[Round "6"]
[White "Haugaard, Thomas"]
[Black "Emborg, Jens"]
[Result "1-0"]
[WhiteElo "1627"]
[BlackElo "1629"]
[PlyCount "53"]
[EventDate "2013.??.??"]
[EventRounds "9"]
[EventCountry "DEN"]

1. d4 d5 2. c4 e6 3. Nf3 Nf6 4. g3 Nc6 5. Bg2 dxc4 6. O-O Be7 7. Qa4 O-O 8.
Qxc4 Bd7 9. Nc3 Bd6 10. e4 e5 11. d5 Ne7 12. h3 c6 13. Rd1 cxd5 14. exd5 Rc8
15. Qe2 Ng6 16. Bg5 Re8 17. Ne4 Bf5 18. Nxd6 Qxd6 19. Be3 b6 20. Ne1 Nf4 21.
gxf4 exf4 22. Qf3 Rxe3 23. fxe3 fxe3 24. Qxf5 Qc5 25. Rac1 Qxc1 26. Rxc1 Rxc1
27. Kf1 1-0

[Event "DM 2013"]
[Site "Helsingor"]
[Date "2013.03.29"]
[Round "3"]
[White "Hansen, Erik Olsgaard"]
[Black "Sorensen, Per S"]
[Result "1-0"]
[WhiteElo "1961"]
[BlackElo "2042"]
[PlyCount "51"]
[EventDate "2013.??.??"]
[EventRounds "9"]
[EventCountry "DEN"]

1. e4 c5 2. Nf3 d6 3. d4 cxd4 4. Nxd4 Nf6 5. Nc3 g6 6. Bc4 Bg7 7. O-O a6 8. Bb3
O-O 9. a4 Nc6 10. Nxc6 bxc6 11. a5 Rb8 12. Be3 c5 13. f3 Nd7 14. Qd2 Re8 15.
Rfb1 Ne5 16. Nd5 Be6 17. Qe2 Bc8 18. Nb6 Nc6 19. Ba4 Qc7 20. c3 Rd8 21. Nd5 Qa7
22. Bxc6 e6 23. Nb6 Qc7 24. Ba4 d5 25. exd5 exd5 26. Bg5 1-0

[Event "DM 2013"]
[Site "Helsingor"]
[Date "2013.03.29"]
[Round "1"]
[White "Hansen, Erik Olsgaard"]
[Black "Nilsson, Patrik"]
[Result "0-1"]
[WhiteElo "1961"]
[BlackElo "2060"]
[PlyCount "54"]
[EventDate "2013.??.??"]
[EventRounds "9"]
[EventCountry "DEN"]

1. e4 d6 2. d4 Nf6 3. Nc3 Nbd7 4. Be3 e5 5. Nf3 Be7 6. h3 c6 7. Bc4 b5 8. Bd3
O-O 9. O-O Bb7 10. dxe5 dxe5 11. Nd2 Nc5 12. Nb3 Nxd3 13. cxd3 Nd7 14. Qc2 a6
15. Ne2 Rc8 16. d4 exd4 17. Nbxd4 Re8 18. Nf5 Bf8 19. Rfd1 Qc7 20. Bf4 Ne5 21.
Rd2 c5 22. f3 c4 23. Bxe5 Qxe5 24. Rad1 g6 25. Nd6 Bxd6 26. Rxd6 f5 27. Ng3
Qxg3 0-1

[Event "DM 2013"]
[Site "Helsingor"]
[Date "2013.03.29"]
[Round "1"]
[White "Haarup, Anders"]
[Black "Dithlevsen, Birgit"]
[Result "1-0"]
[WhiteElo "1484"]
[BlackElo "1533"]
[PlyCount "63"]
[EventDate "2013.??.??"]
[EventRounds "9"]
[EventCountry "DEN"]

1. d4 d5 2. Bg5 Nc6 3. e3 Bd7 4. c4 dxc4 5. Bxc4 Qc8 6. Nf3 e6 7. O-O Be7 8.
Nc3 Bxg5 9. Nxg5 Nf6 10. a3 a6 11. b4 b5 12. Bd3 h6 13. Nf3 O-O 14. Qc2 Re8 15.
Ne4 Nd5 16. Rfc1 Qb7 17. Nc5 Qc8 18. Nxd7 Qxd7 19. Qxc6 Qe7 20. Be4 Ra7 21.
Bxd5 exd5 22. Qxd5 g6 23. Qc5 Qxc5 24. Rxc5 f6 25. Rac1 Re7 26. g4 g5 27. h4
Kf7 28. h5 Ke8 29. Kg2 Kd8 30. Rc6 Rf7 31. d5 Kd7 32. Nd4 1-0

[Event "DM 2013"]
[Site "Helsingor"]
[Date "2013.03.29"]
[Round "3"]
[White "Haarup, Anders"]
[Black "Clausen, Hansjorgen"]
[Result "1-0"]
[WhiteElo "1484"]
[BlackElo "1700"]
[PlyCount "85"]
[EventDate "2013.??.??"]
[EventRounds "9"]
[EventCountry "DEN"]

1. d4 b6 2. Bg5 Nf6 3. Bxf6 exf6 4. c4 Bb4+ 5. Nc3 d6 6. Qa4+ Bd7 7. Qxb4 Nc6
8. Qb3 Nxd4 9. Qd1 Ne6 10. e3 Bc6 11. Nf3 O-O 12. g3 Ng5 13. Bg2 Nxf3+ 14. Bxf3
Qd7 15. Bxc6 Qxc6 16. Qd5 Qd7 17. O-O Rae8 18. Rad1 Re5 19. Qg2 Rfe8 20. Rd5 g6
21. Rfd1 Kg7 22. Rxe5 fxe5 23. Qf3 f5 24. e4 Qc6 25. Qd3 fxe4 26. Qxe4 Qxe4 27.
Nxe4 Rf8 28. Kg2 a5 29. Rd3 h6 30. Nc3 Rf7 31. Nd5 h5 32. h4 Kf8 33. Rf3 Rxf3
34. Kxf3 Ke8 35. Nxc7+ Kd7 36. Nd5 Kc6 37. Ke4 Kc5 38. b3 b5 39. cxb5 Kxb5 40.
Ne7 Kb4 41. Nxg6 Ka3 42. g4 hxg4 43. h5 1-0

[Event "DM 2013"]
[Site "Helsingor"]
[Date "2013.03.29"]
[Round "5"]
[White "Haarup, Anders"]
[Black "Andersen, Kirsten-Johanne"]
[Result "1-0"]
[WhiteElo "1484"]
[BlackElo "1497"]
[PlyCount "31"]
[EventDate "2013.??.??"]
[EventRounds "9"]
[EventCountry "DEN"]

1. d4 d5 2. Bg5 c6 3. c3 h6 4. Bh4 Nd7 5. e3 Ndf6 6. Bd3 Bg4 7. Qc2 Qc7 8. Nd2
Bd7 9. Ngf3 O-O-O 10. Qa4 Qb6 11. Qb3 Qxb3 12. axb3 Kb8 13. Bg3+ Ka8 14. O-O e6
15. Bc7 Rc8 16. Rxa7+ 1-0

[Event "DM 2013"]
[Site "Helsingor"]
[Date "2013.03.29"]
[Round "7"]
[White "Emborg, Jens"]
[Black "Schjolin, John"]
[Result "1-0"]
[WhiteElo "1629"]
[BlackElo "1014"]
[PlyCount "83"]
[EventDate "2013.??.??"]
[EventRounds "9"]
[EventCountry "DEN"]

1. e4 c5 2. Nf3 d6 3. d4 Nf6 4. dxc5 Nxe4 5. cxd6 exd6 6. Bb5+ Bd7 7. Qe2 d5 8.
Nc3 Be7 9. Bxd7+ Qxd7 10. Nxe4 dxe4 11. Qxe4 f6 12. Bd2 Nc6 13. O-O-O O-O-O 14.
Bf4 Qe8 15. Qe6+ Rd7 16. Rd3 Nb8 17. Bxb8 f5 18. Qxd7+ Qxd7 19. Rxd7 Kxd7 20.
Rd1+ Ke6 21. Bxa7 h6 22. Bd4 Rd8 23. Re1+ Kf7 24. Ne5+ Kg8 25. c3 Kf8 26. Ng6+
Kf7 27. Nxe7 Re8 28. Bc5 g5 29. Bb4 b6 30. c4 f4 31. Nd5 Rxe1+ 32. Bxe1 Ke6 33.
a4 Kd6 34. Nxb6 Kc5 35. a5 Kc6 36. b4 Kb7 37. b5 Kc7 38. Nd5+ Kb8 39. Bc3 Kb7
40. Bg7 h5 41. Bh6 g4 42. Nxf4 1-0

[Event "DM 2013"]
[Site "Helsingor"]
[Date "2013.03.29"]
[Round "2"]
[White "Dithlevsen, Birgit"]
[Black "Johansen, Jorgen"]
[Result "1-0"]
[WhiteElo "1533"]
[BlackElo "1272"]
[PlyCount "187"]
[EventDate "2013.??.??"]
[EventRounds "9"]
[EventCountry "DEN"]

1. e4 c6 2. Nc3 d5 3. exd5 cxd5 4. Bb5+ Nc6 5. Nf3 Bg4 6. O-O e6 7. d4 Rc8 8.
h3 Bh5 9. Re1 a6 10. Bxc6+ Rxc6 11. g4 Bg6 12. Ne5 Rc8 13. Qf3 Qf6 14. Re2 Qxf3
15. Nxf3 Bd6 16. Nh4 Ne7 17. Nxg6 hxg6 18. Kg2 O-O 19. Bd2 b5 20. Be3 Rc7 21.
a3 Rfc8 22. Rc1 Nc6 23. h4 Na5 24. Na2 Nc4 25. c3 a5 26. Kf3 Nxe3 27. fxe3 b4
28. axb4 axb4 29. Rh1 Ra7 30. Nxb4 Bxb4 31. cxb4 Rb7 32. Ra1 Rxb4 33. g5 Rcb8
34. Ra2 Rb3 35. Rc2 R3b7 36. Kg4 Kf8 37. Kf4 Ke7 38. Ke5 f6+ 39. gxf6+ gxf6+
40. Kf4 Rh8 41. Rh2 g5+ 42. Kg4 Rxh4+ 43. Rxh4 gxh4 44. Kxh4 Kf7 45. Kg4 Kg6
46. Kf4 Kf7 47. e4 dxe4 48. Kxe4 f5+ 49. Ke5 Rb5+ 50. Kf4 Kf6 51. Kf3 Rb3+ 52.
Kf4 Rb4 53. Ke3 Rb6 54. Kd3 Kg5 55. Kc4 Rc6+ 56. Kd3 Kg4 57. b4 Kg3 58. b5 Rb6
59. Rb2 f4 60. Ke4 f3 61. Rb3 Kg2 62. Rxf3 Rxb5 63. Rf6 Rb1 64. Rxe6 Re1+ 65.
Kd5 Rd1 66. Rf6 Kg3 67. Ke5 Re1+ 68. Kd6 Re8 69. Kd7 Re4 70. d5 Rd4 71. d6 Kg4
72. Ke7 Kg5 73. Rf1 Re4+ 74. Kd8 Rd4 75. d7 Kg6 76. Kc7 Rc4+ 77. Kd6 Rd4+ 78.
Kc7 Rc4+ 79. Kd8 Rd4 80. Rf8 Kg7 81. Re8 Kf7 82. Re3 Rd1 83. Re7+ Kf8 84. Re6
Kf7 85. Rh6 Kg7 86. Rc6 Kf7 87. Rc7 Ra1 88. Rb7 Ra8+ 89. Kc7 Ke7 90. Kb6 Rd8
91. Kc6 Ra8 92. Rb2 Ra7 93. Re2+ Kd8 94. Re8# 1-0

[Event "DM 2013"]
[Site "Helsingor"]
[Date "2013.03.29"]
[Round "4"]
[White "Clausen, Hansjorgen"]
[Black "Dithlevsen, Birgit"]
[Result "1-0"]
[WhiteElo "1700"]
[BlackElo "1533"]
[PlyCount "91"]
[EventDate "2013.??.??"]
[EventRounds "9"]
[EventCountry "DEN"]

1. d4 d5 2. Nf3 Nc6 3. e3 Bd7 4. c4 Nf6 5. Nc3 e6 6. a3 a5 7. Bd3 Be7 8. Qc2 g6
9. Bd2 Na7 10. cxd5 exd5 11. Ne5 Be6 12. O-O Qd6 13. Rac1 c6 14. Na4 Bd8 15.
Nc3 O-O 16. f4 Bc7 17. Ne2 Kg7 18. f5 Bc8 19. fxg6 fxg6 20. Bxg6 Ne4 21. Rxf8
Qxf8 22. Rf1 Qxf1+ 23. Kxf1 hxg6 24. Kg1 Bf5 25. Qc1 Rf8 26. Qe1 b6 27. Ng3
Nxg3 28. Qxg3 Nb5 29. Qe1 Bxe5 30. dxe5 Bd3 31. g4 Rf1+ 32. Qxf1 Bxf1 33. Kxf1
Kf7 34. a4 Nc7 35. Ke2 Ke6 36. Bc3 c5 37. h4 c4 38. Kf3 Na6 39. Bd4 Nc5 40.
Bxc5 bxc5 41. Kf4 Ke7 42. h5 d4 43. exd4 cxd4 44. h6 c3 45. bxc3 dxc3 46. Ke3
1-0

[Event "DM 2013"]
[Site "Helsingor"]
[Date "2013.03.29"]
[Round "2"]
[White "Clausen, Hansjorgen"]
[Black "Aalbak, Kurt F. N."]
[Result "1-0"]
[WhiteElo "1700"]
[BlackElo "1413"]
[PlyCount "119"]
[EventDate "2013.??.??"]
[EventRounds "9"]
[EventCountry "DEN"]

1. d4 e6 2. Nf3 c5 3. c3 b6 4. Bf4 Ne7 5. e4 d6 6. dxc5 Ng6 7. Bg3 bxc5 8. Nbd2
e5 9. Bc4 Nd7 10. Qc2 Be7 11. O-O O-O 12. b4 cxb4 13. cxb4 Nb6 14. Bd3 Be6 15.
Rac1 Rc8 16. Qb1 Qd7 17. a3 Bf6 18. Rxc8 Rxc8 19. Rc1 Nf4 20. Rxc8+ Qxc8 21.
Bxf4 exf4 22. e5 dxe5 23. Bxh7+ Kh8 24. Bc2 Qe8 25. Ne4 Be7 26. Nxe5 Bd5 27.
Nd2 Bf6 28. Nef3 Bc3 29. Qd1 Qe6 30. h3 Bf6 31. Bb3 g5 32. Nxg5 Bxg5 33. Qh5+
Bh6 34. Bxd5 Nxd5 35. Nf3 Ne7 36. Ng5 Qg6 37. Nxf7+ Kg7 38. Qxh6+ Qxh6 39. Nxh6
Kxh6 40. g3 Kg5 41. Kf1 Nd5 42. Ke2 Kf5 43. Kd3 f3 44. Kd4 Nf6 45. Ke3 Nd5+ 46.
Kxf3 Nc3 47. h4 Nb1 48. g4+ Ke5 49. a4 Na3 50. h5 Nc2 51. Kg3 Nxb4 52. f4+ Kf6
53. g5+ Kg7 54. f5 Nd5 55. Kf3 Kf7 56. h6 Kg8 57. a5 Ne7 58. Ke4 Kf7 59. h7 a6
60. h8=Q 1-0

[Event "DM 2013"]
[Site "Helsingor"]
[Date "2013.03.29"]
[Round "7"]
[White "Brogaard, Lars"]
[Black "Jorgensen, Jens A. L."]
[Result "1-0"]
[WhiteElo "1670"]
[BlackElo "1087"]
[PlyCount "47"]
[EventDate "2013.??.??"]
[EventRounds "9"]
[EventCountry "DEN"]

1. d4 e6 2. c4 b6 3. Nf3 Bb7 4. e3 Nf6 5. Be2 d5 6. O-O c5 7. Nc3 Nbd7 8. Nd2
a6 9. Bf3 Qc7 10. cxd5 exd5 11. Qb3 c4 12. Qc2 Bd6 13. h3 h5 14. e4 Bh2+ 15.
Kh1 Ng4 16. exd5 O-O-O 17. Nde4 Qb8 18. d6 Bxd6 19. Nxd6+ Qxd6 20. Bxb7+ Kxb7
21. Qe4+ Ka7 22. f4 Qf6 23. a4 g5 24. Nb5+ 1-0

[Event "DM 2013"]
[Site "Helsingor"]
[Date "2013.03.29"]
[Round "3"]
[White "Brogaard, Lars"]
[Black "Jensen, Jonbert  M. S."]
[Result "0-1"]
[WhiteElo "1670"]
[BlackElo "1576"]
[PlyCount "38"]
[EventDate "2013.??.??"]
[EventRounds "9"]
[EventCountry "DEN"]

1. d4 Nf6 2. c4 g6 3. Nc3 Bg7 4. e4 d6 5. f3 O-O 6. Be3 e5 7. d5 Bd7 8. Bd3 Nh5
9. Nge2 f5 10. Qd2 Qh4+ 11. Bf2 Qe7 12. O-O-O a6 13. Rdf1 b5 14. exf5 Bxf5 15.
g4 Bxd3 16. gxh5 bxc4 17. hxg6 Bxg6 18. Be3 Nd7 19. Ne4 Rxf3 0-1

[Event "DM 2013"]
[Site "Helsingor"]
[Date "2013.03.29"]
[Round "6"]
[White "Brogaard, Lars"]
[Black "Jensen, Hans Askov"]
[Result "0-1"]
[WhiteElo "1670"]
[BlackElo "1569"]
[PlyCount "56"]
[EventDate "2013.??.??"]
[EventRounds "9"]
[EventCountry "DEN"]

1. f4 d5 2. Nf3 Nf6 3. g3 Bg4 4. Bg2 e6 5. O-O Bc5+ 6. Kh1 Nc6 7. c3 Ne4 8. e3
Bb6 9. b4 a6 10. d3 Nd6 11. Qe1 O-O 12. Ne5 Nxe5 13. fxe5 Nf5 14. d4 a5 15. e4
Ne7 16. b5 c5 17. Be3 cxd4 18. cxd4 Qd7 19. Rf4 Bh5 20. Rh4 Bg6 21. exd5 Nxd5
22. Na3 Nxe3 23. Qxe3 Rfd8 24. Rd1 Rac8 25. Be4 Bxe4+ 26. Qxe4 g6 27. h3 Rc3
28. Nc2 Rxg3 0-1

[Event "DM 2013"]
[Site "Helsingor"]
[Date "2013.03.29"]
[Round "2"]
[White "Bonnez, Finn"]
[Black "Pedersen, Carsten"]
[Result "1/2-1/2"]
[WhiteElo "1997"]
[BlackElo "1852"]
[PlyCount "44"]
[EventDate "2013.??.??"]
[EventRounds "9"]
[EventCountry "DEN"]

1. d4 Nf6 2. Nc3 g6 3. e4 d6 4. Be2 Bg7 5. Be3 O-O 6. h3 e5 7. Nf3 exd4 8. Nxd4
a6 9. Qd2 b5 10. f3 Bb7 11. O-O Re8 12. Rae1 Nbd7 13. Nb3 Rc8 14. a4 bxa4 15.
Na5 Ba8 16. Bxa6 Rb8 17. Nxa4 d5 18. exd5 Nxd5 19. Ba7 Rb4 20. c4 Rxa4 21. cxd5
Nb6 22. b4 Nxd5 1/2-1/2

[Event "DM 2013"]
[Site "Helsingor"]
[Date "2013.03.29"]
[Round "4"]
[White "Bonnez, Finn"]
[Black "Olsen, Lars Moller"]
[Result "1-0"]
[WhiteElo "1997"]
[BlackElo "1917"]
[PlyCount "101"]
[EventDate "2013.??.??"]
[EventRounds "9"]
[EventCountry "DEN"]

1. d4 d5 2. Nf3 Nf6 3. Bf4 c5 4. e3 Qb6 5. Nc3 Bd7 6. Rb1 e6 7. Be2 Be7 8. O-O
O-O 9. dxc5 Bxc5 10. Ne5 Be7 11. Bd3 Bc6 12. Qf3 Nbd7 13. Qh3 Rfe8 14. Nxd7
Bxd7 15. Be5 h6 16. g4 Qb4 17. f3 Nh7 18. a3 Qb6 19. Bd4 Bc5 20. Bxc5 Qxc5 21.
Rbe1 e5 22. Qg2 Rac8 23. Kh1 Rc6 24. Qd2 Rd6 25. b4 Qc7 26. Nxd5 Qc6 27. e4 Nf6
28. c4 Nxd5 29. exd5 Qc8 30. Qa2 Rf6 31. c5 Rf4 32. Re4 Qd8 33. Rxf4 exf4 34.
b5 Re3 35. Bc4 Qe8 36. c6 bxc6 37. bxc6 Bxc6 38. dxc6 Qxc6 39. Bxf7+ Kf8 40.
Bd5 Qa6 41. Bc4 Qxa3 42. Qb1 g5 43. Qh7 Ke8 44. Qf7+ Kd8 45. Rd1+ Kc8 46. Qd7+
Kb8 47. Rb1+ Rb3 48. Rxb3+ Qxb3 49. Bxb3 h5 50. Bd5 h4 51. Qb7# 1-0

[Event "DM 2013"]
[Site "Helsingor"]
[Date "2013.03.29"]
[Round "4"]
[White "Bonde Raad, Mads"]
[Black "Thybo, Thomas"]
[Result "1-0"]
[WhiteElo "1688"]
[BlackElo "1492"]
[PlyCount "35"]
[EventDate "2013.??.??"]
[EventRounds "9"]
[EventCountry "DEN"]

1. e4 c6 2. d4 d5 3. exd5 cxd5 4. c4 e6 5. Nc3 Bb4 6. Nf3 Nf6 7. Be2 dxc4 8.
Bxc4 Qc7 9. Qb3 Nc6 10. O-O Bd7 11. Bb5 O-O-O 12. Bxc6 Bxc6 13. Qxb4 h5 14. Bg5
Rhg8 15. h3 Kb8 16. d5 Nxd5 17. Nxd5 exd5 18. Bf4 1-0